[Event "Europa ch 2014"]
[Site "Yerevan ARM"]
[Date "2014.03.07"]
[Round "5.120"]
[White "Galoyan, Levon"]
[Black "Aleksanyan, Hrant"]
[Result "1/2-1/2"]
[WhiteElo "2251"]
[BlackElo "2003"]
[PlyCount "84"]
[EventDate "2014.03.03"]
[EventType "swiss"]
[EventRounds "11"]
[EventCountry "ARM"]
[Source "lmi"]
[SourceDate "2014.03.02"]

1. d4 Nf6 2. c4 e6 3. Nc3 Bb4 4. e3 Bxc3+ 5. bxc3 c5 6. Bd3 Nc6 7. Nf3 d6 8.
O-O h6 9. e4 e5 10. d5 Ne7 11. h3 g5 12. h4 Bg4 13. hxg5 hxg5 14. Bxg5 Nh7 15.
Bh4 Qa5 16. Qb3 Ng6 17. Nh2 Nxh4 18. Nxg4 O-O-O 19. f3 Rdg8 20. Kf2 Qd8 21.
Rab1 b6 22. Qa4 Kb8 23. Qc6 Nf6 24. Ne3 Nxg2 25. Rxb6+ axb6 26. Rb1 Nxe4+ 27.
Bxe4 Qh4+ 28. Ke2 Nf4+ 29. Kd1 Rg1+ 30. Kc2 Qf2+ 31. Kb3 Rxb1+ 32. Bxb1 Ka7 33.
Qd7+ Ka8 34. Qc6+ Ka7 35. Nf5 Rh1 36. Qc7+ Ka8 37. Be4 Rh2 38. Ka4 Qxa2+ 39.
Kb5 Qa7 40. Qc8+ Qb8 41. Qa6+ Qa7 42. Qc8+ Qb8 1/2-1/2

[Event "Europa ch 2014"]
[Site "Yerevan ARM"]
[Date "2014.03.07"]
[Round "5.121"]
[White "Bykov, Egor"]
[Black "Manukyan, Sargis V"]
[Result "0-1"]
[WhiteElo "2089"]
[BlackElo "2268"]
[PlyCount "56"]
[EventDate "2014.03.03"]
[EventType "swiss"]
[EventRounds "11"]
[EventCountry "ARM"]
[Source "lmi"]
[SourceDate "2014.03.02"]

1. d4 g6 2. Nf3 Bg7 3. Bf4 d6 4. e3 Nd7 5. Nbd2 e5 6. dxe5 dxe5 7. Bg3 Nh6 8.
e4 O-O 9. Bc4 Qe7 10. c3 Kh8 11. O-O a5 12. Ne1 Nb6 13. Be2 Be6 14. f3 f5 15.
Nd3 f4 16. Bf2 Nd7 17. Qc2 g5 18. b4 b6 19. bxa5 Rxa5 20. Nb4 Qf7 21. a4 g4 22.
Nc6 Raa8 23. Rfd1 Rg8 24. a5 bxa5 25. Nxa5 Bf8 26. Nc6 Rxa1 27. Rxa1 Qh5 28.
Qd1 g3 0-1

[Event "Europa ch 2014"]
[Site "Yerevan ARM"]
[Date "2014.03.07"]
[Round "5.122"]
[White "Pavlidou, Ekaterini"]
[Black "Erenberg, Ariel"]
[Result "0-1"]
[WhiteElo "2188"]
[BlackElo "2092"]
[PlyCount "68"]
[EventDate "2014.03.03"]
[EventType "swiss"]
[EventRounds "11"]
[EventCountry "ARM"]
[Source "lmi"]
[SourceDate "2014.03.02"]

1. d4 d5 2. c4 dxc4 3. Nf3 Nf6 4. e3 e6 5. Bxc4 c5 6. O-O a6 7. a4 Nc6 8. Qe2
Qc7 9. Rd1 Bd6 10. dxc5 Bxc5 11. b3 O-O 12. Bb2 Qe7 13. Nbd2 b6 14. h3 Bb7 15.
Ne5 Nxe5 16. Bxe5 Rfd8 17. Nf3 Nd5 18. Rac1 h6 19. Bg3 Nf6 20. Rxd8+ Qxd8 21.
Ne5 Ne4 22. Qh5 Qe8 23. Bh4 g5 24. b4 Bd6 25. f3 Bxe5 26. fxe4 Bxe4 27. Bxg5
hxg5 28. Qxg5+ Bg7 29. Rf1 Bf5 30. Qf4 b5 31. Ba2 Qb8 32. Qf3 bxa4 33. e4 Bg6
34. h4 Ra7 0-1

[Event "Europa ch 2014"]
[Site "Yerevan ARM"]
[Date "2014.03.07"]
[Round "5.123"]
[White "Nikolaidis, Konstantinos"]
[Black "Gaboyan, Susanna"]
[Result "1/2-1/2"]
[WhiteElo "2186"]
[BlackElo "2043"]
[PlyCount "118"]
[EventDate "2014.03.03"]
[EventType "swiss"]
[EventRounds "11"]
[EventCountry "ARM"]
[Source "lmi"]
[SourceDate "2014.03.02"]

1. e4 c5 2. Nf3 Nc6 3. d4 cxd4 4. Nxd4 Nf6 5. Nc3 e5 6. Ndb5 d6 7. Bg5 a6 8.
Na3 b5 9. Bxf6 gxf6 10. Nd5 Bg7 11. Bd3 Ne7 12. Nxe7 Qxe7 13. O-O f5 14. c4
fxe4 15. Bxe4 Rb8 16. Bc6+ Bd7 17. Qd5 O-O 18. Bxd7 Qxd7 19. Rad1 b4 20. Nc2
Qa4 21. Ne3 Qxa2 22. Nf5 e4 23. Nxg7 Qxb2 24. Nf5 Qe5 25. Nxd6 Qxd5 26. cxd5 f5
27. Nc4 Rfc8 28. Na5 Kf7 29. Nc6 Rb6 30. Rb1 b3 31. Rfc1 Kf6 32. Rc3 Rb5 33. d6
Rb7 34. g3 b2 35. Rxb2 Rxb2 36. d7 Ra8 37. d8=Q+ Rxd8 38. Nxd8 Rb8 39. Nc6 Rc8
40. Kf1 a5 41. Ke2 a4 42. Kd2 a3 43. Kc2 Rc7 44. Kb3 Rd7 45. Nb4 Rd1 46. Kxa3
Rh1 47. h4 Rh2 48. Rc6+ Ke5 49. Rc5+ Ke6 50. Rc2 f4 51. Kb3 e3 52. gxf4 exf2
53. Rc1 Kf5 54. Nd3 Ke4 55. Nxf2+ Rxf2 56. Rc7 h5 57. Rh7 Kxf4 58. Rxh5 Kg4 59.
Rh8 Rh2 1/2-1/2

[Event "Europa ch 2014"]
[Site "Yerevan ARM"]
[Date "2014.03.07"]
[Round "5.124"]
[White "Basencyan, Mark"]
[Black "Davtyan, Artur"]
[Result "1/2-1/2"]
[WhiteElo "2186"]
[BlackElo "1843"]
[PlyCount "124"]
[EventDate "2014.03.03"]
[EventType "swiss"]
[EventRounds "11"]
[EventCountry "ARM"]
[Source "lmi"]
[SourceDate "2014.03.02"]

1. d4 Nf6 2. c4 g6 3. Nc3 d5 4. Nf3 Bg7 5. Bf4 c5 6. dxc5 Qa5 7. cxd5 Nxd5 8.
Qxd5 Bxc3+ 9. Bd2 Bxd2+ 10. Qxd2 Qxd2+ 11. Nxd2 Na6 12. Rc1 Be6 13. e4 Nc7 14.
Bc4 O-O-O 15. Nb3 Bxc4 16. Rxc4 e5 17. Ke2 Ne6 18. g3 Kc7 19. Rhc1 h5 20. Ra4
Kb8 21. Rb4 Rc8 22. Rbc4 Rhd8 23. Ke3 g5 24. R4c3 f6 25. a3 Kc7 26. a4 Rd4 27.
Rc4 Rxc4 28. Rxc4 Rd8 29. Nd2 Rd4 30. b4 Kc6 31. b5+ Kc7 32. a5 Rxc4 33. b6+
Kb8 34. Nxc4 Nxc5 35. f4 axb6 36. axb6 exf4+ 37. gxf4 Kc8 38. fxg5 fxg5 39. Kd4
Nd7 40. e5 Nf8 41. Kd5 Kd7 42. Nd6 Ng6 43. e6+ Ke7 44. Nxb7 Nf4+ 45. Ke5 Nxe6
46. Na5 Nc5 47. b7 Nd7+ 48. Kf5 Kd6 49. Kxg5 Kc7 50. Kxh5 Kb6 51. Nb3 Kxb7 52.
Kg6 Ne5+ 53. Kf5 Nf3 54. h3 Kc6 55. Kf4 Nh4 56. Kg4 Ng2 57. Kg3 Ne3 58. Kf3 Nf5
59. Kg4 Ne3+ 60. Kg3 Nf5+ 61. Kg4 Ne3+ 62. Kf3 Nf5 1/2-1/2

[Event "Europa ch 2014"]
[Site "Yerevan ARM"]
[Date "2014.03.07"]
[Round "5.125"]
[White "Gasparian, Tigran"]
[Black "Karapetyan, Lusine"]
[Result "1/2-1/2"]
[WhiteElo "2165"]
[BlackElo "1985"]
[PlyCount "83"]
[EventDate "2014.03.03"]
[EventType "swiss"]
[EventRounds "11"]
[EventCountry "ARM"]
[Source "lmi"]
[SourceDate "2014.03.02"]

1. e4 e5 2. Nf3 Nc6 3. Nc3 Nf6 4. Bb5 Bb4 5. O-O O-O 6. d3 d6 7. Bxc6 bxc6 8.
Ne2 Re8 9. Ng3 d5 10. c3 Ba5 11. Re1 Bb6 12. h3 Qd6 13. Qc2 h6 14. b3 Nh7 15.
c4 a5 16. Bb2 Ng5 17. Nxg5 hxg5 18. Rac1 dxc4 19. dxc4 Bc5 20. Nf5 Qf6 21. Rcd1
Be6 22. a4 Rab8 23. Bc3 Ra8 24. Re2 Kh7 25. Rd3 g6 26. Ne3 Kg7 27. Qb2 Bc8 28.
Qd2 Bb6 29. Re1 Qe7 30. Rd1 f6 31. Ng4 Be6 32. g3 Rh8 33. Kg2 Rh5 34. Rf3 Rah8
35. Nxf6 Bxh3+ 36. Kg1 Qxf6 37. Rxf6 Kxf6 38. c5 Bg4 39. Bxe5+ Kxe5 40. Qd4+
Ke6 41. Qd7+ Ke5 42. Qe7+ 1/2-1/2

[Event "Europa ch 2014"]
[Site "Yerevan ARM"]
[Date "2014.03.07"]
[Round "5.126"]
[White "Nersisyan, Garnik"]
[Black "Kleinert, Juergen"]
[Result "1-0"]
[WhiteElo "2063"]
[BlackElo "2000"]
[PlyCount "79"]
[EventDate "2014.03.03"]
[EventType "swiss"]
[EventRounds "11"]
[EventCountry "ARM"]
[Source "lmi"]
[SourceDate "2014.03.02"]

1. e4 c5 2. Nc3 Nc6 3. d3 d6 4. g3 g6 5. Be3 Bg7 6. Qd2 a6 7. Bg2 b6 8. Nge2
Bb7 9. O-O Qd7 10. Nd5 Qd8 11. c4 e6 12. Ndc3 Nd4 13. Rab1 Qd7 14. b4 Ne7 15.
bxc5 bxc5 16. Bh6 O-O 17. Bxg7 Kxg7 18. Nxd4 cxd4 19. Ne2 e5 20. f4 f5 21. fxe5
dxe5 22. Qa5 Nc6 23. Qd5 Qxd5 24. exd5 Nd8 25. Rb6 Rc8 26. Rfb1 Rf7 27. Nc1 e4
28. Bf1 g5 29. Nb3 e3 30. Nxd4 Rcc7 31. Be2 f4 32. Rd6 Rcd7 33. Rbb6 Kg8 34.
Bg4 Rxd6 35. Rxd6 Rf8 36. c5 Nf7 37. Be6 Bc8 38. c6 Kg7 39. Bxf7 Rxf7 40. Ne6+
1-0

[Event "Europa ch 2014"]
[Site "Yerevan ARM"]
[Date "2014.03.07"]
[Round "5.127"]
[White "Kuehn, Matthias"]
[Black "Hoghmrtsyan, Artur"]
[Result "0-1"]
[WhiteElo "1957"]
[BlackElo "1878"]
[PlyCount "138"]
[EventDate "2014.03.03"]
[EventType "swiss"]
[EventRounds "11"]
[EventCountry "ARM"]
[Source "lmi"]
[SourceDate "2014.03.02"]

1. e4 d6 2. Nc3 g6 3. f4 Bg7 4. Nf3 c5 5. d3 Nc6 6. h3 e6 7. g4 Nge7 8. Bg2 Nd4
9. O-O f5 10. Ne2 Nxf3+ 11. Rxf3 O-O 12. exf5 exf5 13. g5 d5 14. c3 d4 15. c4
Bd7 16. Ng3 Bc6 17. Rf2 Bxg2 18. Kxg2 Nc6 19. h4 Re8 20. Bd2 Qd7 21. h5 Re7 22.
Re2 Rae8 23. Rxe7 Rxe7 24. Qf3 Nb4 25. hxg6 hxg6 26. Rc1 Nxa2 27. Ra1 Nb4 28.
Rxa7 Nc2 29. Nf1 Kf7 30. Kf2 Kg8 31. Ra8+ Kf7 32. Ra7 Kg8 33. Qh1 Ne3 34. Ra8+
Kf7 35. Bxe3 dxe3+ 36. Ke2 Qd4 37. Qd5+ Qxd5 38. cxd5 Bxb2 39. d6 Rd7 40. Nxe3
Rxd6 41. Nc4 Re6+ 42. Kd2 Bd4 43. Rb8 Re7 44. Rxb7 Be3+ 45. Kc3 Bxf4 46. Rb6
Bxg5 47. Nd6+ Kg7 48. Nb7 Be3 49. Kc4 f4 50. Nd8 f3 51. Nc6 Re8 52. Rb1 f2 53.
Kd5 Bf4 54. Rf1 Bg3 55. Kxc5 Re1 56. Rxf2 Bxf2+ 57. Kd5 Kf6 58. d4 g5 59. Nb4
Rd1 60. Nc6 g4 61. Ke4 g3 62. Kf3 Rd3+ 63. Kg2 Bxd4 64. Nb4 Rb3 65. Nd5+ Kg5
66. Kh3 Be5 67. Kg2 Rb2+ 68. Kh1 g2+ 69. Kg1 Bd4+ 0-1

[Event "Europa ch 2014"]
[Site "Yerevan ARM"]
[Date "2014.03.07"]
[Round "5.128"]
[White "Porfireanu, Serban"]
[Black "Simonyan, Latush"]
[Result "0-1"]
[WhiteElo "1903"]
[BlackElo "1799"]
[PlyCount "112"]
[EventDate "2014.03.03"]
[EventType "swiss"]
[EventRounds "11"]
[EventCountry "ARM"]
[Source "lmi"]
[SourceDate "2014.03.02"]

1. Nf3 Nf6 2. d4 g6 3. c4 Bg7 4. Nc3 O-O 5. e4 d6 6. h3 e5 7. Be3 exd4 8. Nxd4
Re8 9. Bd3 Nbd7 10. Nde2 b6 11. Ng3 Bb7 12. O-O Nc5 13. f3 Nfd7 14. Be2 Be5 15.
Nh1 Ne6 16. Qd2 Qf6 17. Nd5 Qg7 18. Rab1 Nf6 19. Nf2 c6 20. Nxf6+ Bxf6 21. Ng4
Bd4 22. Kh1 Bxe3 23. Nxe3 Rad8 24. Rbd1 c5 25. Bd3 Nd4 26. Bb1 Qf6 27. Ng4 Qh4
28. Qf4 Kg7 29. Bd3 Bc8 30. Kh2 f5 31. exf5 gxf5 32. g3 Ne2 33. gxh4 Nxf4 34.
Nf2 Kf6 35. Rfe1 Rg8 36. Rg1 Rxg1 37. Rxg1 d5 38. cxd5 Rxd5 39. Bc4 Rd2 40. Kg3
Nh5+ 41. Kg2 Rxb2 42. Rd1 Nf4+ 43. Kg3 Ne2+ 44. Kg2 Nd4 45. Kg3 f4+ 46. Kg2 Bb7
47. Kf1 Bxf3 48. Ng4+ Bxg4 49. hxg4 Rh2 50. g5+ Kf5 51. Bd3+ Kg4 52. Bxh7 Kg3
53. Rd3+ Nf3 54. Rxf3+ Kxf3 55. Kg1 Rxh4 56. Bf5 Rh5 0-1

[Event "Europa ch 2014"]
[Site "Yerevan ARM"]
[Date "2014.03.08"]
[Round "6.3"]
[White "Fedoseev, Vladimir3"]
[Black "Wojtaszek, Radoslaw"]
[Result "0-1"]
[WhiteElo "2641"]
[BlackElo "2713"]
[PlyCount "170"]
[EventDate "2014.03.03"]
[EventType "swiss"]
[EventRounds "11"]
[EventCountry "ARM"]
[Source "lmi"]
[SourceDate "2014.03.02"]

1. d4 Nf6 2. c4 e6 3. Nf3 d5 4. e3 Be7 5. b3 O-O 6. Bb2 c5 7. cxd5 Nxd5 8. dxc5
Bxc5 9. Bc4 Nc6 10. O-O Nb6 11. Bb5 Qxd1 12. Rxd1 Bd7 13. Nc3 Be7 14. Ne4 Rfd8
15. Rac1 Be8 16. h3 Rxd1+ 17. Rxd1 Nb4 18. Bxe8 Rxe8 19. a3 N4d5 20. Rc1 Rc8
21. Rxc8+ Nxc8 22. Kf1 f6 23. Ke2 Kf7 24. Kd3 e5 25. b4 b5 26. Nc3 Nxc3 27.
Bxc3 Ke6 28. e4 Nd6 29. Bd2 f5 30. exf5+ Kd5 31. Kc2 Nxf5 32. Bc3 e4 33. Ne5
Bf6 34. Ng4 Bd4 35. Bxd4 Kxd4 36. Kd2 h5 37. Nh2 Nd6 38. g4 Nc4+ 39. Ke2 hxg4
40. Nxg4 Nxa3 41. Ne3 g6 42. Ng2 Nc2 43. Nf4 Nxb4 44. Nxg6 Nd5 45. h4 Nf6 46.
Nf4 a5 47. h5 a4 48. Kd2 Ke5 49. Ne2 Nxh5 50. Nc3 a3 51. Kc2 b4 52. Na2 Nf4 53.
Nxb4 Nd3 54. Na2 Nxf2 55. Kb3 e3 56. Nc1 Kd4 57. Kxa3 Kc3 58. Ne2+ Kd3 59. Nf4+
Kd2 60. Kb3 Nd3 61. Nh3 Ne5 62. Nf4 Nd3 63. Nh3 Ke2 64. Ng5 Nc5+ 65. Kc2 Kf1
66. Nf3 e2 67. Nh2+ Kf2 68. Ng4+ Kf1 69. Ne3+ Kf2 70. Ng4+ Ke1 71. Ne3 Ne6 72.
Kc3 Nf4 73. Nc2+ Kf2 74. Kd4 Kf1 75. Ke4 Ng2 76. Kd4 Ne1 77. Ne3+ Kg1 78. Ke4
Nf3 79. Nc2 Kf2 80. Kd5 Nd2 81. Nb4 Kf1 82. Nc2 Nb3 83. Ne3+ Kf2 84. Nc2 Na1
85. Nb4 Ke3 0-1

[Event "Europa ch 2014"]
[Site "Yerevan ARM"]
[Date "2014.03.08"]
[Round "6.4"]
[White "Najer, Evgeniy"]
[Black "Akopian, Vladimir"]
[Result "1/2-1/2"]
[WhiteElo "2633"]
[BlackElo "2682"]
[PlyCount "85"]
[EventDate "2014.03.03"]
[EventType "swiss"]
[EventRounds "11"]
[EventCountry "ARM"]
[Source "lmi"]
[SourceDate "2014.03.02"]

1. e4 e5 2. Nf3 Nc6 3. Bb5 Nf6 4. O-O Nxe4 5. Re1 Nd6 6. Nxe5 Be7 7. Bf1 Nxe5
8. Rxe5 O-O 9. d4 Bf6 10. Re1 Re8 11. Rxe8+ Nxe8 12. d5 d6 13. Nd2 Bf5 14. Nc4
Qd7 15. c3 c6 16. Bf4 cxd5 17. Qxd5 Be6 18. Qd2 Qa4 19. Nxd6 Nxd6 20. Bxd6 Rd8
21. Qf4 Qc2 22. Qb4 h6 23. Bf4 b6 24. Qb5 Rd5 25. Qe2 Qxe2 26. Bxe2 Bg5 27.
Bxg5 hxg5 28. Bc4 Rd2 29. Bxe6 fxe6 30. b3 Kf7 31. g3 Kf6 32. Kg2 g4 33. a4 Rc2
34. c4 Rb2 35. c5 Rxb3 36. Rc1 bxc5 37. Rxc5 Rb4 38. Ra5 Rb7 39. h3 gxh3+ 40.
Kxh3 g5 41. Kg4 Rb4+ 42. Kh5 Rb2 43. f3 1/2-1/2

[Event "Europa ch 2014"]
[Site "Yerevan ARM"]
[Date "2014.03.08"]
[Round "6.5"]
[White "Cheparinov, Ivan"]
[Black "Melkumyan, Hrant"]
[Result "0-1"]
[WhiteElo "2681"]
[BlackElo "2613"]
[PlyCount "100"]
[EventDate "2014.03.03"]
[EventType "swiss"]
[EventRounds "11"]
[EventCountry "ARM"]
[Source "lmi"]
[SourceDate "2014.03.02"]

1. e4 e5 2. Nf3 Nc6 3. d4 exd4 4. Nxd4 Bc5 5. Nb3 Bb6 6. Nc3 Nf6 7. Qe2 O-O 8.
Bg5 Nd4 9. Qd2 Nxb3 10. axb3 Re8 11. O-O-O h6 12. h4 d6 13. f3 hxg5 14. hxg5
Nh7 15. f4 Nxg5 16. Bc4 Be6 17. fxg5 Bxc4 18. bxc4 c6 19. Qf4 Qd7 20. Rh4 Rad8
21. Rdh1 Kf8 22. g6 Qe6 23. gxf7 Qxf7 24. Qg5 Qf6 25. Qg3 Bf2 26. Qg4 Bxh4 27.
Rxh4 Re5 28. Qf3 Qxf3 29. gxf3 Kg8 30. Kd2 Re6 31. Ke3 Rh6 32. Rg4 Rf8 33. Ne2
Rff6 34. Rg2 Rfg6 35. Rf2 Rh4 36. Nd4 Rh3 37. Nf5 Rf6 38. c5 dxc5 39. Kf4 g6
40. Ke5 Rf8 41. Rg2 Kh7 42. Nd6 Rhxf3 43. Ke6 Rf2 44. Rg1 Rxc2 45. Ke7 Kg7 46.
e5 Rxb2 47. e6 Re2 48. Kd7 Rf3 49. e7 Rd3 50. Rg2 Ree3 0-1

[Event "Europa ch 2014"]
[Site "Yerevan ARM"]
[Date "2014.03.08"]
[Round "6.6"]
[White "Laznicka, Viktor"]
[Black "Kovalenko, Igor"]
[Result "1-0"]
[WhiteElo "2681"]
[BlackElo "2626"]
[PlyCount "75"]
[EventDate "2014.03.03"]
[EventType "swiss"]
[EventRounds "11"]
[EventCountry "ARM"]
[Source "lmi"]
[SourceDate "2014.03.02"]

1. e4 d5 2. exd5 Qxd5 3. Nc3 Qd6 4. d4 Nf6 5. Nf3 Bg4 6. h3 Bh5 7. g4 Bg6 8.
Bg2 Nbd7 9. g5 Nd5 10. Nxd5 Qxd5 11. O-O Qc4 12. c3 O-O-O 13. Nh4 e5 14. Nxg6
hxg6 15. Qf3 c6 16. Rd1 Nb6 17. a4 Qd5 18. Qe2 Qc4 19. Qg4+ Nd7 20. Be3 Be7 21.
b4 f5 22. gxf6 gxf6 23. d5 Qxg4 24. hxg4 cxd5 25. Rxd5 Rh4 26. g5 f5 27. Bxa7
Rc4 28. Rb5 e4 29. Bd4 Kc7 30. f3 exf3 31. Bxf3 b6 32. a5 bxa5 33. Raxa5 Bxg5
34. Rb7+ Kd6 35. Ra6+ Ke7 36. Rxg6 Bf4 37. Bf6+ Kf7 38. Bh5 1-0

[Event "Europa ch 2014"]
[Site "Yerevan ARM"]
[Date "2014.03.08"]
[Round "6.7"]
[White "Kryvoruchko, Yuriy"]
[Black "Solak, Dragan"]
[Result "1/2-1/2"]
[WhiteElo "2706"]
[BlackElo "2610"]
[PlyCount "138"]
[EventDate "2014.03.03"]
[EventType "swiss"]
[EventRounds "11"]
[EventCountry "ARM"]
[Source "lmi"]
[SourceDate "2014.03.02"]

1. e4 c6 2. d4 d5 3. e5 Bf5 4. Nf3 e6 5. Be2 Ne7 6. O-O Bg6 7. Nbd2 Nf5 8. Nb3
Nd7 9. Bd2 Rc8 10. Rc1 h6 11. Bd3 h5 12. c4 dxc4 13. Bxc4 Nb6 14. Ba5 Qe7 15.
d5 Nxc4 16. Rxc4 exd5 17. Qxd5 Qe6 18. Qxe6+ fxe6 19. Rd1 b6 20. Bd2 c5 21.
Rcc1 Ne7 22. Bg5 Be4 23. Nbd2 Bd5 24. Nh4 Kf7 25. Nc4 Nc6 26. f4 Rc7 27. Kf2
Bxc4 28. Rxc4 b5 29. Rcc1 c4 30. Ke2 Bc5 31. Nf3 Nb4 32. Bd8 Rc8 33. Ng5+ Kg6
34. Nxe6 Nd3 35. Ba5 Nxc1+ 36. Rxc1 Rc6 37. Nxc5 Rxc5 38. Rd1 Kf5 39. Kf3 g5
40. Rd6 gxf4 41. Rf6+ Kg5 42. h4+ Kxh4 43. Rf5 c3 44. Bxc3 Rg8 45. Be1+ Rg3+
46. Bxg3+ fxg3 47. Rf4+ Kg5 48. e6 Re5 49. Re4 Rxe4 50. Kxe4 Kf6 51. Kf4 Kxe6
52. Kg5 a5 53. Kxh5 Kf5 54. Kh4 Kf4 55. Kh3 a4 56. a3 Ke4 57. Kxg3 Kd3 58. Kh2
Kc2 59. g4 Kxb2 60. g5 b4 61. axb4 a3 62. g6 a2 63. g7 a1=Q 64. g8=Q Qc1 65. b5
Qh6+ 66. Kg3 Qd6+ 67. Kg2 Qd2+ 68. Kg1 Qe1+ 69. Kh2 Qe5+ 1/2-1/2

[Event "Europa ch 2014"]
[Site "Yerevan ARM"]
[Date "2014.03.08"]
[Round "6.8"]
[White "Ipatov, Alexander"]
[Black "Eljanov, Pavel"]
[Result "0-1"]
[WhiteElo "2614"]
[BlackElo "2723"]
[PlyCount "108"]
[EventDate "2014.03.03"]
[EventType "swiss"]
[EventRounds "11"]
[EventCountry "ARM"]
[Source "lmi"]
[SourceDate "2014.03.02"]

1. d4 Nf6 2. c4 e6 3. Nc3 Bb4 4. Nf3 b6 5. Bg5 Bb7 6. Nd2 h6 7. Bh4 Be7 8. e4
d6 9. Bg3 O-O 10. Bd3 Nc6 11. Nb3 Nb4 12. Bb1 c5 13. d5 e5 14. a3 Na6 15. O-O
g6 16. f3 Nc7 17. Nc1 Ba6 18. b3 b5 19. Ba2 Rb8 20. Nd3 Nh5 21. Bf2 bxc4 22.
bxc4 Na8 23. a4 Bc8 24. Bb3 Nc7 25. Nb5 a6 26. Nc3 a5 27. Nb5 Na6 28. Bc2 Nb4
29. Bb1 Nxd3 30. Bxd3 Nf4 31. Bc2 h5 32. Be1 h4 33. Qd2 Ra8 34. Bf2 Bg5 35. Be3
Kg7 36. Rf2 Rh8 37. Kf1 Qf6 38. h3 Bd7 39. Ke1 Rh5 40. Bd3 Bh6 41. Kd1 Rg5 42.
Kc2 Rg3 43. Kb3 Bg5 44. Bxf4 exf4 45. Re1 Qe5 46. Qc3 Bf6 47. Qxe5 Bxe5 48. Bf1
Rb8 49. Ka3 Kf6 50. Rc2 g5 51. Ka2 g4 52. hxg4 h3 53. Rf2 Bxb5 54. cxb5 Bd4 0-1

[Event "Europa ch 2014"]
[Site "Yerevan ARM"]
[Date "2014.03.08"]
[Round "6.10"]
[White "Areshchenko, Alexander"]
[Black "Salgado Lopez, Ivan"]
[Result "1/2-1/2"]
[WhiteElo "2705"]
[BlackElo "2605"]
[PlyCount "124"]
[EventDate "2014.03.03"]
[EventType "swiss"]
[EventRounds "11"]
[EventCountry "ARM"]
[Source "lmi"]
[SourceDate "2014.03.02"]

1. e4 c5 2. Nf3 Nc6 3. d4 cxd4 4. Nxd4 Qb6 5. Nb3 Nf6 6. Nc3 e6 7. Bd3 Qc7 8.
f4 d6 9. Be3 a6 10. Qf3 Be7 11. O-O-O Nb4 12. g4 b5 13. a3 Nxd3+ 14. Rxd3 Bb7
15. g5 Nd7 16. Qf2 Rc8 17. Rhd1 Bc6 18. Bd4 O-O 19. Rh3 Rfe8 20. Kb1 Nf8 21.
Rg1 Bd8 22. f5 e5 23. Be3 a5 24. Rd1 Qb7 25. Rxd6 b4 26. axb4 a4 27. Nc5 Qxb4
28. Na2 Qc4 29. Rd3 Ba5 30. b3 Rb8 31. Ka1 axb3 32. cxb3 Qb5 33. f6 Bxe4 34.
Rd1 Bg6 35. fxg7 Ne6 36. Rc1 Nd4 37. Bxd4 exd4 38. Qxd4 Bb6 39. Qc4 Bc7 40.
Qxb5 Be5+ 41. Nc3 Rxb5 42. N5a4 Bxg7 43. Ka2 Rxg5 44. Rg3 Rf5 45. b4 Rf2+ 46.
Kb3 Rxh2 47. b5 Rb8 48. b6 Be5 49. Rf3 Rh4 50. Nd5 Kf8 51. Nc5 Kg7 52. Nd7 Be4
53. Rg1+ Kh8 54. Nxe5 Bxd5+ 55. Kc3 Rxb6 56. Nxf7+ Bxf7 57. Rxf7 Rb8 58. Rgf1
Rc8+ 59. Kd3 Rd8+ 60. Ke3 Re8+ 61. Kf3 Kg8 62. Rf5 Rh6 1/2-1/2

[Event "Europa ch 2014"]
[Site "Yerevan ARM"]
[Date "2014.03.08"]
[Round "6.12"]
[White "Pashikian, Arman"]
[Black "Inarkiev, Ernesto"]
[Result "1/2-1/2"]
[WhiteElo "2612"]
[BlackElo "2698"]
[PlyCount "49"]
[EventDate "2014.03.03"]
[EventType "swiss"]
[EventRounds "11"]
[EventCountry "ARM"]
[Source "lmi"]
[SourceDate "2014.03.02"]

1. d4 Nf6 2. c4 e6 3. Nf3 b6 4. g3 Bb7 5. Bg2 c5 6. d5 exd5 7. cxd5 Bxd5 8. Nc3
Bxf3 9. exf3 Be7 10. f4 Nc6 11. g4 O-O 12. Be3 Ne8 13. Qd2 Rc8 14. O-O-O Nd6
15. Kb1 Re8 16. h4 b5 17. g5 Nc4 18. Qxd7 Qa5 19. Bxc6 Qb4 20. Bc1 Na3+ 21. Ka1
Nc2+ 22. Kb1 Na3+ 23. Ka1 Nc2+ 24. Kb1 Na3+ 25. Ka1 1/2-1/2

[Event "Europa ch 2014"]
[Site "Yerevan ARM"]
[Date "2014.03.08"]
[Round "6.13"]
[White "Matlakov, Maxim"]
[Black "Fridman, Daniel"]
[Result "1/2-1/2"]
[WhiteElo "2695"]
[BlackElo "2604"]
[PlyCount "87"]
[EventDate "2014.03.03"]
[EventType "swiss"]
[EventRounds "11"]
[EventCountry "ARM"]
[Source "lmi"]
[SourceDate "2014.03.02"]

1. d4 d5 2. c4 c6 3. Nc3 Nf6 4. e3 e6 5. Nf3 a6 6. b3 Bb4 7. Bd2 O-O 8. Bd3
Nbd7 9. O-O Bd6 10. Re1 b6 11. h3 h6 12. e4 dxc4 13. bxc4 e5 14. Be3 Re8 15.
Rb1 exd4 16. Bxd4 Bc5 17. Bf1 Qc7 18. e5 Bxd4 19. Qxd4 c5 20. Qh4 Nxe5 21. Nxe5
Rxe5 22. Qg3 Re7 23. Qxc7 Rxc7 24. Rxb6 Be6 25. Rd1 Nd7 26. Rbd6 Kf8 27. f4 Ke7
28. g4 g6 29. f5 gxf5 30. gxf5 Rg8+ 31. Kf2 Bxf5 32. Rxh6 Ra7 33. Rc6 Rg6 34.
Rc8 Be6 35. Nd5+ Bxd5 36. cxd5 Rb7 37. Rd2 Rf6+ 38. Kg2 Rb4 39. Rc6 a5 40. d6+
Kd8 41. Ra6 Nb6 42. a3 Rb3 43. Rxa5 c4 44. Rc5 1/2-1/2

[Event "Europa ch 2014"]
[Site "Yerevan ARM"]
[Date "2014.03.08"]
[Round "6.15"]
[White "Alekseev, Evgeny"]
[Black "Andriasian, Zaven"]
[Result "1/2-1/2"]
[WhiteElo "2692"]
[BlackElo "2600"]
[PlyCount "81"]
[EventDate "2014.03.03"]
[EventType "swiss"]
[EventRounds "11"]
[EventCountry "ARM"]
[Source "lmi"]
[SourceDate "2014.03.02"]

1. e4 c5 2. Nf3 d6 3. Bb5+ Nc6 4. d4 cxd4 5. Qxd4 Bd7 6. Qd3 g6 7. c4 Bg7 8.
Nc3 Nf6 9. h3 O-O 10. O-O a6 11. Bxc6 Bxc6 12. Nd4 Nd7 13. Be3 Rc8 14. Rac1 Nc5
15. Qc2 Ne6 16. Nxe6 fxe6 17. Qb3 Qd7 18. f3 b5 19. c5 a5 20. a3 Rb8 21. cxd6
exd6 22. Ne2 b4 23. Nd4 Ba4 24. Qxe6+ Qxe6 25. Nxe6 Bxb2 26. Nxf8 Bxc1 27. Rxc1
Kxf8 28. axb4 axb4 29. Bd4 b3 30. Bb2 Ke7 31. Kf2 Bd7 32. Ke3 Rc8 33. Rxc8 Bxc8
34. h4 Be6 35. Kd4 h5 36. Ke3 Bc4 37. Kf4 Bf1 38. g4 Be2 39. gxh5 gxh5 40. Ke3
Bc4 41. Kf4 1/2-1/2

[Event "Europa ch 2014"]
[Site "Yerevan ARM"]
[Date "2014.03.08"]
[Round "6.16"]
[White "Zhigalko, Sergei"]
[Black "Shomoev, Anton"]
[Result "1/2-1/2"]
[WhiteElo "2671"]
[BlackElo "2581"]
[PlyCount "75"]
[EventDate "2014.03.03"]
[EventType "swiss"]
[EventRounds "11"]
[EventCountry "ARM"]
[Source "lmi"]
[SourceDate "2014.03.02"]

1. e4 c5 2. Nf3 d6 3. d4 cxd4 4. Qxd4 Nf6 5. Nc3 Nc6 6. Bb5 Bd7 7. Bxc6 Bxc6 8.
Bg5 e6 9. Qd3 Be7 10. O-O-O Qa5 11. h4 h6 12. Bxf6 Bxf6 13. Nd4 O-O 14. f4 Rad8
15. g3 Bxd4 16. Qxd4 e5 17. Qc4 Qc5 18. Qd3 f5 19. Rhf1 exf4 20. Rxf4 fxe4 21.
Nxe4 Qe5 22. Rxf8+ Rxf8 23. Nxd6 Rf3 24. Qc4+ Kh7 25. g4 Qe3+ 26. Rd2 Rg3 27.
c3 Bf3 28. Qd3+ Qxd3 29. Rxd3 Rg1+ 30. Kd2 Bxg4 31. Rd4 b6 32. Ke3 Rg2 33. b4
Be6 34. a4 Rg3+ 35. Kd2 Rg2+ 36. Ke3 Rg3+ 37. Kd2 Rg2+ 38. Ke3 1/2-1/2

[Event "Europa ch 2014"]
[Site "Yerevan ARM"]
[Date "2014.03.08"]
[Round "6.17"]
[White "Bartel, Mateusz"]
[Black "Zhigalko, Andrey"]
[Result "1-0"]
[WhiteElo "2662"]
[BlackElo "2603"]
[PlyCount "115"]
[EventDate "2014.03.03"]
[EventType "swiss"]
[EventRounds "11"]
[EventCountry "ARM"]
[Source "lmi"]
[SourceDate "2014.03.02"]

1. e4 c5 2. Nf3 d6 3. d4 cxd4 4. Nxd4 Nf6 5. Nc3 a6 6. g3 e5 7. Nb3 Be7 8. Bg2
b5 9. Be3 Nbd7 10. a4 b4 11. Nd5 a5 12. O-O O-O 13. Re1 Bb7 14. c4 bxc3 15.
Nxc3 Qb8 16. Qd3 Rc8 17. Nb5 Bc6 18. Bd2 Nc5 19. Nxc5 dxc5 20. b3 Rd8 21. Qe2
Nxe4 22. Bxe4 Bxe4 23. Qxe4 Rxd2 24. Rad1 Rxd1 25. Rxd1 Qc8 26. Qxe5 Bf8 27.
Qd5 Qg4 28. Nd6 Ra7 29. Nc4 g6 30. Re1 Qd4 31. Qf3 Qd8 32. Rd1 Qe7 33. Qc6 h5
34. Kf1 Kh7 35. Re1 Qd8 36. Kg2 Qd4 37. Re4 Qd1 38. Re3 Bh6 39. Rf3 h4 40. gxh4
Qd4 41. Qf6 Qg4+ 42. Rg3 Qe4+ 43. Kh3 Bf4 44. f3 Qf5+ 45. Qxf5 gxf5 46. Rg2 Rd7
47. Nxa5 Rd3 48. Rc2 Kg6 49. Kg2 Be3 50. Nc4 Rxb3 51. a5 Bf4 52. a6 Bb8 53. Ra2
Rb4 54. Ne5+ Kf6 55. Nc6 Rb6 56. Nxb8 Rxb8 57. a7 Ra8 58. Kf2 1-0